Jak vést rozhovory s podřízenými pracovníky

Salvato in:
Dettagli Bibliografici
Autore principale: Bělohlávek, František
Natura: Libro
Lingua:ceco
Pubblicazione: Praha GRADA Publishing 2009
Serie:Manažer
Soggetti:
Tags: Aggiungi Tag
Nessun Tag, puoi essere il primo ad aggiungerne!!

MARC

LEADER 00000nam$a2200000$$$4500
001 0091264
005 20240313133054.8
020 |a 978-80-247-2313-6 
041 0 |a cze 
044 |a CZ 
245 1 0 |a Jak vést rozhovory s podřízenými pracovníky  |c František Bělohlávek 
264 1 |a Praha  |b GRADA Publishing  |c 2009 
300 |a 133 s. 
490 1 |a Manažer 
830 0 |a Manažer 
610 2 0 |a prijímanie pracovníkov 
610 2 0 |a rozhovor 
610 2 0 |a nábor pracovníkov 
610 2 0 |a hodnotenie pracovníkov 
610 2 0 |a komunikácia interpersonálna 
610 2 0 |a výber pracovníkov 
610 2 0 |a komunikácia neverbálna 
610 2 0 |a pracovníci vedúci 
100 1 |a Bělohlávek, František